01066nam a2200241Ia 4500003000900000008004100009020001800050040001600068080002100084111010200105245023600207260006100443300001400504490003300518650004100551650002200592650002200614700003400636710003200670942000700702999001700709952009800726IN-BaIIA211028s9999 xx 000 0 eng d a0-937707-39-2 cIIA Library a082.2:52bASP-20 aSymposium in Celebration of the Fiftieth Anniversary of McDonald ObservatorycAustind1989917685 0aFrontiers of stellar evolutionbproceedings of a symposium in celebration of the fiftieth anniversary of McDonald observatory of the University of Texas, Austin, 1989cedited by David L. Lambert  aSan FranciscobAstronomical Society of the Pacificc1991 aiv, 626p. aASP conference series; v. 20 aAstronomy and Astrophysics Thesaurus aStellar evolution aStellar structure aLambert, David L., ed.917686 aMcDonald observatory917687 cBK c10403d10403 00104070aBANbBANcGENd1992-08-11l0o082.2:52/ ASP-20p11313r2021-11-05w1992-08-11yBK